|
|
|
|
| LEADER |
00917nam a22002532a 4500 |
| 001 |
000046921 |
| 003 |
CZ BrMZK |
| 005 |
20070926124113.0 |
| 007 |
ta |
| 008 |
951201s1986 xr f cze d |
| 015 |
|
|
|a cnb000011928
|
| 035 |
|
|
|a (OCoLC)22094720
|
| 040 |
|
|
|a BOA001
|b cze
|
| 100 |
1 |
|
|a Matyášová, Eva
|
| 245 |
1 |
0 |
|a Naivní malířství /
|c Eva Matryášová
|
| 250 |
|
|
|a 1. vyd.
|
| 260 |
|
|
|a Praha :
|b Odeon,
|c 1986
|
| 300 |
|
|
|a 71 s.
|
| 856 |
4 |
1 |
|u http://www.digitalniknihovna.cz/mzk/uuid/uuid:4c1603c0-8fc4-11e3-997d-005056827e52
|y Digitalizovaný dokument
|x NDK
|
| 910 |
|
|
|a BOA001
|b PK-A-0018.679
|b 1-0901.379
|
| 964 |
|
|
|a Malířství naivní české - publikace obrazové
|
| 990 |
|
|
|a BK
|
| 996 |
6 |
|
|b 2619917623
|c 1-0901.379
|l MZK
|r Sklad / do 1 hodiny
|n 7
|w 000046921
|u 000020
|a 1
|e BOA001
|j MZK50
|s P
|
| 996 |
7 |
|
|b 3119982677
|c PK-A-0018.679
|l MZK
|r Sklad / do 1 hodiny
|n 18
|w 000046921
|u 000010
|a 1
|e BOA001
|j MZK50
|s A
|